[Event "Sparkassen-Open A"]
[Site "Heusenstamm, Martinsee"]
[Date "2019.11.22"]
[Round "2.52"]
[White "Zhou, Syang"]
[Black "Kuhn, Gerhard"]
[Result "1-0"]
[WhiteElo "2256"]
[BlackElo "1963"]
[PlyCount "81"]
[EventDate "2019.??.??"]
[WhiteTeam "SF Deizisau"]
[BlackTeam "SK Marburg"]

1. b3 Nf6 2. Bb2 d5 3. c4 e6 4. Nf3 Be7 5. e3 O-O 6. Be2 Nbd7 7. O-O b6 8. cxd5
Nxd5 9. e4 Nf4 10. Bb5 Bb7 11. g3 Nh3+ 12. Kg2 Ng5 13. Nxg5 Bxg5 14. f3 Bf6 15.
Bxf6 Qxf6 16. Nc3 Rad8 17. Qe2 Qd4 18. Rad1 c6 19. Ba6 Ba8 20. Qf2 Nc5 21. Bc4
b5 22. Be2 Rd7 23. Qxd4 Rxd4 24. Kf2 Rfd8 25. Ke3 Nd3 26. Nd5 c5 27. Bxd3 exd5
28. e5 Rb4 29. Rc1 c4 30. Bc2 d4+ 31. Kf2 d3 32. Bd1 cxb3 33. Bxb3 a5 34. Rc7
Rf8 35. Rfc1 Rd4 36. Rxf7 Rdd8 37. Rcc7 Rxf7 38. Bxf7+ Kf8 39. f4 Bd5 40. Bxd5
Rxd5 41. Ke3 1-0

[Event "Sparkassen-Open A"]
[Site "Heusenstamm, Martinsee"]
[Date "2019.11.22"]
[Round "2.53"]
[White "Schultze, Jörg-Martin"]
[Black "Browning, Alex"]
[Result "0-1"]
[WhiteElo "1950"]
[BlackElo "2264"]
[PlyCount "46"]
[EventDate "2019.??.??"]
[WhiteTeam "SF Anderssen Wetzlar"]
[BlackTeam "SVG Plettenberg"]

1. d4 Nf6 2. Nf3 g6 3. g3 Bg7 4. Bg2 O-O 5. O-O d6 6. b3 a5 7. a4 Nc6 8. Bb2
Re8 9. Na3 Bf5 10. Nh4 Bd7 11. e4 e5 12. d5 Nb4 13. Nc4 b5 14. axb5 Bxb5 15. c3
Bxc4 16. bxc4 Na6 17. Rxa5 Nc5 18. Rxa8 Qxa8 19. Qc2 Qa2 20. Ra1 Qxc4 21. Ra7
Rb8 22. Rxc7 Qa2 23. Qd2 Qxb2 0-1

[Event "Sparkassen-Open A"]
[Site "Heusenstamm, Martinsee"]
[Date "2019.11.22"]
[Round "2.54"]
[White "Hilzinger, Markus"]
[Black "Michels, Fabio"]
[Result "1-0"]
[WhiteElo "2141"]
[BlackElo "1800"]
[PlyCount "71"]
[EventDate "2019.??.??"]
[WhiteTeam "SC Pforzheim"]
[BlackTeam "SC ML Kastellaun"]

1. c4 c5 2. Nf3 Nc6 3. Nc3 g6 4. g3 Bg7 5. Bg2 e5 6. O-O Nge7 7. b3 O-O 8. Bb2
d6 9. e3 h6 10. Ne1 Be6 11. Rc1 Rc8 12. Ne2 b6 13. e4 Nd4 14. Bxd4 cxd4 15. d3
Qc7 16. Nf3 Qd7 17. Nd2 Nc6 18. a3 a5 19. Rb1 Na7 20. b4 axb4 21. Rxb4 b5 22.
Qb3 bxc4 23. Nxc4 Nc6 24. Rb7 Rc7 25. Rxc7 Qxc7 26. Rc1 Rb8 27. Qa4 Bxc4 28.
Rxc4 Rb6 29. Nc1 Qb7 30. Na2 Ra6 31. Qc2 Rxa3 32. Rxc6 Rxa2 33. Rc8+ Bf8 34.
Rxf8+ Kxf8 35. Qxa2 Qb4 36. Bf3 1-0

[Event "Sparkassen-Open A"]
[Site "Heusenstamm, Martinsee"]
[Date "2019.11.22"]
[Round "2.55"]
[White "Rolle, Eric"]
[Black "Reitz, Theresa"]
[Result "1/2-1/2"]
[WhiteElo "2206"]
[BlackElo "1901"]
[PlyCount "105"]
[EventDate "2019.??.??"]
[WhiteTeam "SK Marburg"]
[BlackTeam "VfR-SC Koblenz"]

1. Nf3 c5 2. c4 Nc6 3. Nc3 e5 4. e3 d6 5. Be2 g6 6. a3 Bg7 7. Rb1 a5 8. d3 Nge7
9. h4 h6 10. Bd2 d5 11. cxd5 Nxd5 12. Qa4 O-O 13. Qb5 Qb6 14. Qxb6 Nxb6 15. Rc1
f5 16. e4 Bd7 17. Nd5 Nxd5 18. exd5 Nd4 19. Nxd4 cxd4 20. Rc7 Ba4 21. Rxb7 Rfb8
22. Rxb8+ Rxb8 23. b4 axb4 24. axb4 Bf8 25. O-O Bxb4 26. Bxh6 Be7 27. Ra1 Bc2
28. Ra6 Bxh4 29. g3 Kh7 30. Bd2 Bd8 31. Ra7+ Kg8 32. Bh6 Bf6 33. Rc7 Bb3 34. d6
Rd8 35. Rb7 Bd5 36. Rb6 Kf7 37. Bd2 Rd7 38. f3 Ke6 39. Bb4 Bg7 40. Bd1 Bf6 41.
Ba4 Rb7 42. Rxb7 Bxb7 43. Kf2 Bd8 44. Be8 g5 45. g4 fxg4 46. fxg4 Kf6 47. Bc5
Bc8 48. Kf3 Bb7+ 49. Ke2 Bc8 50. Bh5 Ke6 51. Bb4 Kf6 52. Kd2 Bd7 53. Ke2
1/2-1/2

[Event "Sparkassen-Open A"]
[Site "Heusenstamm, Martinsee"]
[Date "2019.11.22"]
[Round "2.56"]
[White "Farmani Anosheh, Yasha"]
[Black "Riemann, Jonas"]
[Result "1-0"]
[WhiteElo "2182"]
[BlackElo "1882"]
[PlyCount "103"]
[EventDate "2019.??.??"]
[WhiteTeam "SK Ladenburg"]
[BlackTeam "SK Bickenbach"]

1. d4 g6 2. e4 Bg7 3. Nc3 d6 4. Be3 Nf6 5. h3 c6 6. Qd2 O-O 7. f4 b5 8. Bd3 a6
9. Nf3 Nbd7 10. e5 Nd5 11. Nxd5 cxd5 12. g4 Nb6 13. b3 dxe5 14. fxe5 f6 15.
exf6 exf6 16. O-O-O Qe7 17. Bf4 Nc4 18. bxc4 bxc4 19. Qa5 cxd3 20. Rhe1 Qf7 21.
Rxd3 Bb7 22. Qb6 Rfe8 23. Rde3 Re4 24. Nd2 Rxe3 25. Rxe3 Rc8 26. Nb3 Rc6 27.
Qd8+ Bf8 28. Na5 Rc8 29. Qb6 Ba8 30. Qxa6 Re8 31. Rxe8 Qxe8 32. Qxf6 Qe1+ 33.
Kb2 Ba3+ 34. Kxa3 Qxa5+ 35. Kb3 Qb5+ 36. Kc3 Qc4+ 37. Kd2 Qb4+ 38. Ke2 Qc4+ 39.
Kd2 Qb4+ 40. Ke2 Qc4+ 41. Kf2 Qxc2+ 42. Kg3 Qc3+ 43. Kh4 Qc6 44. Qd8+ Kf7 45.
Be5 h6 46. g5 hxg5+ 47. Kxg5 Qc1+ 48. Bf4 Qg1+ 49. Kh6 Qxd4 50. Qd7+ Kf8 51.
Bd6+ Kg8 52. Qe8# 1-0

[Event "Sparkassen-Open A"]
[Site "Heusenstamm, Martinsee"]
[Date "2019.11.22"]
[Round "2.57"]
[White "Winter, Lars"]
[Black "Asadzade, Idris"]
[Result "0-1"]
[WhiteElo "1917"]
[BlackElo "2166"]
[PlyCount "82"]
[EventDate "2019.??.??"]
[WhiteTeam "SV Fechenheim"]
[BlackTeam "Königsspringer Leverkusen"]

1. e4 c5 2. d4 cxd4 3. c3 dxc3 4. Nxc3 Nc6 5. Nf3 e6 6. Bc4 Bb4 7. O-O Nge7 8.
Bg5 f6 9. Be3 O-O 10. Qc2 f5 11. exf5 Nxf5 12. Bd3 h6 13. Ne4 Be7 14. a3 d5 15.
Ng3 Nxe3 16. fxe3 Bd7 17. e4 Rc8 18. Qe2 Bc5+ 19. Kh1 Qe7 20. e5 Be8 21. Rae1
Nd4 22. Nxd4 Rxf1+ 23. Rxf1 Bxd4 24. Bb1 Qc5 25. Qd3 g6 26. b4 Qc3 27. Qe2 h5
28. Bd3 Bxe5 29. Qf3 Bg7 30. Ne2 Qxa3 31. Nf4 Rc1 32. Nxe6 Rxf1+ 33. Qxf1 Qa1
34. Qxa1 Bxa1 35. Nf4 Kg7 36. Nxd5 Bf7 37. Ne3 Kf6 38. Nc2 Be5 39. Kg1 Bd6 40.
Be4 Bb3 41. b5 Bc5+ 0-1

[Event "Sparkassen-Open A"]
[Site "Heusenstamm, Martinsee"]
[Date "2019.11.22"]
[Round "2.58"]
[White "Bashylina, Luisa"]
[Black "Gallasch, Jonas"]
[Result "1/2-1/2"]
[WhiteElo "1868"]
[BlackElo "2160"]
[PlyCount "83"]
[EventDate "2019.??.??"]
[WhiteTeam "SG Solingen"]
[BlackTeam "SG Porz"]

1. e4 c6 2. d4 d5 3. e5 Bf5 4. Nd2 e6 5. Nb3 Nd7 6. Nf3 Ne7 7. Be2 Qc7 8. O-O
Bg6 9. Nh4 c5 10. Nxc5 Nxc5 11. dxc5 Qxc5 12. c3 Qc7 13. f4 Qb6+ 14. Qd4 Nf5
15. Qxb6 axb6 16. Nxf5 Bxf5 17. g4 Bc5+ 18. Kg2 Be4+ 19. Kg3 O-O 20. b4 Be7 21.
a3 Rac8 22. Bd2 f6 23. Rfc1 g5 24. fxg5 fxe5 25. Be3 Bd8 26. h4 Bc7 27. Kh3 Bd3
28. Bxd3 Rf3+ 29. Kg2 Rxe3 30. Bb5 Rd8 31. Kf2 Re4 32. c4 d4 33. c5 bxc5 34.
Bc4 Re8 35. bxc5 b6 36. Rab1 bxc5 37. Rb7 Ba5 38. Bd3 Rf4+ 39. Kg3 Rf7 40. Rxf7
Kxf7 41. Bxh7 Rc8 42. Bd3 1/2-1/2

[Event "Sparkassen-Open A"]
[Site "Heusenstamm, Martinsee"]
[Date "2019.11.22"]
[Round "2.59"]
[White "Wolf, Ulrich Martin"]
[Black "Cors, Heinz-Friedrich"]
[Result "1-0"]
[WhiteElo "2151"]
[BlackElo "1893"]
[PlyCount "47"]
[EventDate "2019.??.??"]
[WhiteTeam "SC Hansa Dortmund"]
[BlackTeam "Schachforum Darmstadt"]

1. d4 Nf6 2. c4 e6 3. g3 d5 4. Bg2 Bb4+ 5. Bd2 Be7 6. Nf3 O-O 7. O-O c6 8. Qc2
Nbd7 9. Nc3 Re8 10. e4 dxe4 11. Nxe4 Nxe4 12. Qxe4 Bf6 13. Bc3 g6 14. Rad1 Bg7
15. Rfe1 Nf6 16. Qe2 Bd7 17. Ne5 Qc7 18. g4 Rad8 19. Qf3 Rf8 20. Bb4 Bc8 21.
Bxf8 Rxf8 22. b4 Nd7 23. Nxd7 Qxd7 24. Qg3 1-0

[Event "Sparkassen-Open A"]
[Site "Heusenstamm, Martinsee"]
[Date "2019.11.22"]
[Round "2.60"]
[White "Lotz, Ralf"]
[Black "Jansen, Dirk Norbert"]
[Result "0-1"]
[WhiteElo "1882"]
[BlackElo "2150"]
[PlyCount "45"]
[EventDate "2019.??.??"]
[WhiteTeam "SC Obertshausen"]
[BlackTeam "SVG Plettenberg"]

1. c4 e5 2. Nc3 Nf6 3. g3 c6 4. Bg2 d5 5. cxd5 cxd5 6. d3 Nc6 7. Bg5 Be6 8. a3
Be7 9. Nf3 O-O 10. O-O d4 11. Ne4 Nxe4 12. Bxe7 Nxf2 13. Bxd8 Nxd1 14. Bg5 Ne3
15. Bxe3 dxe3 16. Ng5 Nd4 17. Nxe6 Nxe6 18. Rf3 Nd4 19. Rff1 Nxe2+ 20. Kh1 Nd4
21. Rac1 Rac8 22. Bh3 e2 23. Rfe1 0-1

[Event "Sparkassen-Open A"]
[Site "Heusenstamm, Martinsee"]
[Date "2019.11.22"]
[Round "2.61"]
[White "Zhou, David"]
[Black "Bäumer, Frank"]
[Result "0-1"]
[WhiteElo "2141"]
[BlackElo "1865"]
[PlyCount "98"]
[EventDate "2019.??.??"]
[WhiteTeam "Quebec"]
[BlackTeam "Gambit Gusenburg"]

1. c4 e5 2. g3 Nc6 3. Bg2 f5 4. Nc3 Nf6 5. Nf3 Bc5 6. e3 e4 7. Nh4 Ne5 8. Nxf5
d5 9. Nd4 Nd3+ 10. Kf1 Bxd4 11. exd4 Ng4 12. f4 exf3 13. Bxf3 O-O 14. Qe2 dxc4
15. h3 Qxd4 16. Kg2 Qf2+ 17. Qxf2 Ngxf2 18. Rh2 c6 19. g4 Ne5 20. Be2 Be6 21.
b3 cxb3 22. axb3 Nfd3 23. Ba3 Rf7 24. b4 Nf4+ 25. Kg3 Rd8 26. Rf2 g5 27. Bf1
Nc4 28. Ne4 h6 29. Bxc4 Bxc4 30. Bb2 Rd3+ 31. Kh2 Rxh3+ 32. Kg1 Bd5 33. Re1 Rb3
34. Nf6+ Rxf6 35. Bxf6 Nh3+ 36. Kf1 Nxf2 37. Bd4 Ne4 38. Bxa7 Nxd2+ 39. Ke2 Ne4
40. Ra1 Ng3+ 41. Kd2 Rb2+ 42. Kc3 Ra2 43. Rxa2 Bxa2 44. Kd4 b5 45. Ke5 Kf7 46.
Kd4 Bd5 47. Bb8 Ne4 48. Ke5 Kg6 49. Ba7 Nf6 0-1

[Event "Sparkassen-Open A"]
[Site "Heusenstamm, Martinsee"]
[Date "2019.11.22"]
[Round "2.62"]
[White "Knödler, Marcel"]
[Black "van der Valk, Niklas"]
[Result "1/2-1/2"]
[WhiteElo "1809"]
[BlackElo "2133"]
[PlyCount "69"]
[EventDate "2019.??.??"]
[WhiteTeam "FC Bierstadt"]
[BlackTeam "SG Trier"]

1. d4 Nf6 2. Bf4 d5 3. Nf3 c5 4. e3 cxd4 5. exd4 Bf5 6. c3 Nc6 7. Bb5 Qb6 8.
Qb3 Nh5 9. Be3 e6 10. Ne5 Bxb1 11. Rxb1 Rc8 12. a4 Be7 13. a5 Qxa5 14. Be2 Nxe5
15. dxe5 g6 16. Qxb7 Qc7 17. Qxc7 Rxc7 18. Ra1 Bc5 19. Bxc5 Rxc5 20. Rxa7 O-O
21. Bxh5 gxh5 22. Kd2 Rb8 23. b4 Rc4 24. Rha1 d4 25. Rc1 dxc3+ 26. Rxc3 Rbxb4
27. Rxc4 Rxc4 28. Ra5 Kg7 29. Kd3 Rh4 30. h3 Rb4 31. Ke3 Kg6 32. f3 h4 33. Ra8
Kf5 34. Ra7 Kg6 35. Ra8 1/2-1/2

[Event "Sparkassen-Open A"]
[Site "Heusenstamm, Martinsee"]
[Date "2019.11.22"]
[Round "2.63"]
[White "Kather, Yannick"]
[Black "Bittner, Peter"]
[Result "1-0"]
[WhiteElo "2137"]
[BlackElo "1870"]
[PlyCount "95"]
[EventDate "2019.??.??"]
[WhiteTeam "SW Lichtenrade"]
[BlackTeam "SC Nied"]

1. e4 e5 2. Nc3 Nf6 3. g3 c6 4. Nf3 Qc7 5. d4 d6 6. h3 Be7 7. Bg2 Nbd7 8. a4 b6
9. O-O O-O 10. Kh2 Bb7 11. Be3 Rad8 12. Nh4 Ba6 13. Nf5 Rfe8 14. Nxe7+ Rxe7 15.
Re1 h6 16. b4 Bc8 17. Ne2 c5 18. bxc5 exd4 19. cxd6 Qxd6 20. Nxd4 Nc5 21. Nc6
Qxc6 22. Qxd8+ Re8 23. e5 Qe6 24. Qd6 Qxe5 25. Bxc5 Qxc5 26. Rxe8+ Nxe8 27. Qb8
Kf8 28. Re1 Be6 29. Re2 Qc4 30. Rd2 Qxa4 31. Qa8 Bd7 32. c3 Ke7 33. Rd4 Qa3 34.
Rxd7+ Kxd7 35. Bc6+ Kd6 36. Qxe8 Qxc3 37. Qd7+ Kc5 38. Bg2 a5 39. Qc6+ Kb4 40.
Qxb6+ Ka3 41. Qa7 f5 42. Qd7 Qf6 43. Qd3+ Kb4 44. Qd2+ Ka4 45. Bf1 Qe5 46. Bd3
Qc5 47. Qa2+ Kb4 48. Qb2+ 1-0

[Event "Sparkassen-Open A"]
[Site "Heusenstamm, Martinsee"]
[Date "2019.11.22"]
[Round "2.64"]
[White "Gramb, Marius"]
[Black "Mehlen, Theodor"]
[Result "1-0"]
[WhiteElo "2120"]
[BlackElo "1839"]
[PlyCount "83"]
[EventDate "2019.??.??"]
[WhiteTeam "Brühler SK"]
[BlackTeam "SC Matt im Park"]

1. d4 d5 2. Nf3 Nf6 3. c4 e6 4. g3 Bb4+ 5. Bd2 Be7 6. Bg2 O-O 7. O-O Nbd7 8.
Qc2 c6 9. Rd1 Re8 10. b3 b6 11. Nc3 Bb7 12. e4 dxe4 13. Nxe4 Nxe4 14. Qxe4 Qc7
15. Bf4 Bd6 16. Bxd6 Qxd6 17. Ne5 Nxe5 18. dxe5 Qe7 19. Rd6 Red8 20. Rad1 Rxd6
21. exd6 Qd7 22. b4 a5 23. a3 axb4 24. axb4 Ra7 25. c5 b5 26. h4 Ra6 27. h5 h6
28. Re1 Bc8 29. Bf1 Qa7 30. Bd3 f5 31. Qh4 Qd7 32. g4 fxg4 33. Bg6 Ra4 34. Qxg4
Qd8 35. Re4 Qg5 36. Qxg5 hxg5 37. Kg2 Bd7 38. Kg3 Ra8 39. Re3 Rf8 40. Ra3 Be8
41. Ra7 Bxg6 42. hxg6 1-0

[Event "Sparkassen-Open A"]
[Site "Heusenstamm, Martinsee"]
[Date "2019.11.22"]
[Round "2.65"]
[White "Kosak, Matjaz"]
[Black "Neurohr, Jürgen"]
[Result "0-1"]
[WhiteElo "1791"]
[BlackElo "2111"]
[PlyCount "96"]
[EventDate "2019.??.??"]
[WhiteTeam "SV Frankfurt Nord"]
[BlackTeam "SF Mainz"]

1. e4 e6 2. d4 d5 3. exd5 exd5 4. Nf3 Nf6 5. Bd3 Bd6 6. Qe2+ Be7 7. O-O O-O 8.
Re1 Bd6 9. Bg5 Bg4 10. h3 Bh5 11. g4 Bg6 12. Ne5 Re8 13. f4 Bxd3 14. Qxd3 c6
15. Nd2 Nbd7 16. Nxd7 Qxd7 17. Bxf6 gxf6 18. f5 Bc7 19. Qa3 Bb6 20. Qd3 Qd6 21.
Re2 Rxe2 22. Qxe2 Qg3+ 23. Qg2 Bxd4+ 24. Kh1 Qxg2+ 25. Kxg2 Bxb2 26. Rb1 Bc3
27. Nf3 b6 28. Kf2 Re8 29. Rb3 Be5 30. Ke3 Bd6+ 31. Kd3 Bc5 32. Nd4 Bxd4 33.
Kxd4 Re4+ 34. Kd3 Ra4 35. a3 Kg7 36. Kd2 Rd4+ 37. Ke2 Re4+ 38. Re3 Rxe3+ 39.
Kxe3 h5 40. Kd4 hxg4 41. hxg4 Kh6 42. Ke3 Kg5 43. Kf3 c5 44. c3 b5 45. Kg3 a5
46. Kf3 b4 47. axb4 axb4 48. cxb4 cxb4 0-1

[Event "Sparkassen-Open A"]
[Site "Heusenstamm, Martinsee"]
[Date "2019.11.22"]
[Round "2.66"]
[White "Rondonuwu, Grover"]
[Black "Feicht, Arno"]
[Result "0-1"]
[WhiteElo "2106"]
[BlackElo "1851"]
[PlyCount "68"]
[EventDate "2019.??.??"]
[WhiteTeam "Frankfurter TV"]
[BlackTeam "SV Alsfeld"]

1. d4 Nf6 2. Bg5 c5 3. d5 Qb6 4. Nc3 d6 5. e4 Qxb2 6. Bd2 Qb6 7. f4 Bg4 8. Nf3
Nbd7 9. Rb1 Qc7 10. h3 Bxf3 11. Qxf3 a6 12. a4 g6 13. a5 Bg7 14. Na4 O-O 15.
Bc4 Rfb8 16. O-O Re8 17. Rb3 e6 18. dxe6 fxe6 19. e5 dxe5 20. Rxb7 Qd6 21. Bc3
e4 22. Qe2 Qc6 23. Rxd7 Nxd7 24. Bxg7 Kxg7 25. Nc3 Nf6 26. g4 Qd6 27. Nd1 Qd4+
28. Ne3 Rad8 29. Rf2 Nd5 30. Nxd5 exd5 31. Bxa6 c4 32. Kg2 e3 33. Rf1 Qd2 34.
Kf3 Qxa5 0-1

[Event "Sparkassen-Open A"]
[Site "Heusenstamm, Martinsee"]
[Date "2019.11.22"]
[Round "2.67"]
[White "Hinrichs, Paul"]
[Black "Markosyan, Aleksandr"]
[Result "1-0"]
[WhiteElo "2104"]
[BlackElo "1759"]
[PlyCount "107"]
[EventDate "2019.??.??"]
[WhiteTeam "SK Bingen"]
[BlackTeam "SG Idstein"]

1. d4 Nf6 2. c4 c5 3. d5 b5 4. cxb5 a6 5. b6 d6 6. Nc3 g6 7. a4 Qxb6 8. a5 Qc7
9. e4 Nbd7 10. Nf3 Bg7 11. Be2 O-O 12. O-O Rb8 13. Nd2 e6 14. Nc4 exd5 15. Nxd5
Nxd5 16. Qxd5 Bxb2 17. Bxb2 Bb7 18. Qxd6 Qxd6 19. Nxd6 Bc6 20. Bc1 Rb4 21. Bxa6
Bxe4 22. Nxe4 Rxe4 23. Bb7 Re7 24. a6 Nb6 25. Be3 Rc7 26. Rab1 Nc4 27. a7 Nxe3
28. fxe3 c4 29. a8=Q Rxa8 30. Bxa8 c3 31. Bd5 c2 32. Rbc1 Rd7 33. e4 Rc7 34.
Rxf7 Rxf7 35. Rxc2 Kg7 36. Bxf7 Kxf7 37. Rc7+ Ke6 38. Kf2 h5 39. Rc6+ Ke5 40.
Ke3 g5 41. g3 h4 42. Rc5+ Kf6 43. Rf5+ Ke6 44. Rxg5 hxg3 45. Rxg3 Ke5 46. h4
Kf6 47. h5 Ke5 48. h6 Kf6 49. h7 Ke5 50. h8=Q+ Ke6 51. Rg6+ Kf7 52. Rg7+ Ke6
53. Qh6+ Ke5 54. Re7# 1-0

[Event "Sparkassen-Open A"]
[Site "Heusenstamm, Martinsee"]
[Date "2019.11.22"]
[Round "2.68"]
[White "Halabi, Ibrahim"]
[Black "Heindrich, Mark"]
[Result "1-0"]
[WhiteElo "1869"]
[BlackElo "2096"]
[PlyCount "121"]
[EventDate "2019.??.??"]
[WhiteTeam "SK Frankenthal"]
[BlackTeam "TuS Dotzheim"]

1. e4 e5 2. Nf3 Nc6 3. Bc4 Bc5 4. c3 Qe7 5. O-O d6 6. d4 Bb6 7. h3 Nf6 8. Bg5
h6 9. Bxf6 Qxf6 10. Bb5 O-O 11. a4 a6 12. Bxc6 bxc6 13. a5 Ba7 14. Qa4 Qg6 15.
Kh1 Qxe4 16. Nbd2 Qf5 17. Qxc6 Bd7 18. Qxc7 exd4 19. cxd4 Bb5 20. Rfe1 Qd5 21.
Ne4 Bb8 22. Qb6 Bd7 23. Ra3 Ra7 24. Nc3 Qh5 25. Ne4 Qd5 26. Nc3 Qa8 27. Rb3 Bc7
28. Qb4 Rb8 29. Qa3 Rxb3 30. Qxb3 Bxa5 31. Re7 Be8 32. Rxa7 Qxa7 33. Ne4 Qc7
34. Qa3 d5 35. Nc5 Qb6 36. Ne5 Bb4 37. Qe3 Bxc5 38. dxc5 Qxb2 39. c6 Qc2 40.
Nd7 Qb1+ 41. Kh2 Qe4 42. Qxe4 dxe4 43. Ne5 Bxc6 44. Nxc6 Kf8 45. Kg3 g5 46. Kg4
Ke8 47. Kf5 Kd7 48. Na5 Kd6 49. Kxe4 Kc5 50. Nb7+ Kb6 51. Nd6 f6 52. Kd5 Ka5
53. g4 Kb4 54. Nc4 Kc3 55. Na5 Kd3 56. Ke6 Kd4 57. Kxf6 Kc5 58. Kg6 Kb6 59. Nb3
Kb5 60. Kxh6 Kb4 61. Na1 1-0

[Event "Sparkassen-Open A"]
[Site "Heusenstamm, Martinsee"]
[Date "2019.11.22"]
[Round "2.69"]
[White "Foermes, Alexander"]
[Black "Schellen, Sven"]
[Result "1-0"]
[WhiteElo "2074"]
[BlackElo "1835"]
[PlyCount "61"]
[EventDate "2019.??.??"]
[WhiteTeam "SK Marburg"]
[BlackTeam "SV Frankfurt Nord"]

1. d4 d5 2. Bf4 e6 3. e3 Bd6 4. Bg3 Qe7 5. Nf3 Bxg3 6. hxg3 Qb4+ 7. Nbd2 Qxb2
8. c4 Nf6 9. Bd3 Qc3 10. Ke2 Ng4 11. Qb1 c6 12. Rc1 Qa5 13. Bxh7 Nf6 14. Bd3
Nbd7 15. Rh1 Rf8 16. Qc2 Qc7 17. Rac1 e5 18. cxd5 Nxd5 19. Qb3 Qd6 20. Nc4 Qb4
21. dxe5 Qe7 22. Nd6+ Kd8 23. Nxb7+ Kc7 24. Na5 Nb4 25. a3 Nxd3 26. Rxc6+ Kd8
27. Qxd3 Rb8 28. Rc2 Qe6 29. Nc6+ Ke8 30. Nxb8 Nxb8 31. Qb5+ 1-0

[Event "Sparkassen-Open A"]
[Site "Heusenstamm, Martinsee"]
[Date "2019.11.22"]
[Round "2.70"]
[White "Wimmer, Thomas"]
[Black "Klundt, Klaus"]
[Result "0-1"]
[WhiteElo "1836"]
[BlackElo "2297"]
[PlyCount "28"]
[EventDate "2019.??.??"]
[WhiteTeam "SK Marburg"]
[BlackTeam "SC Heusenstamm"]

1. d4 Nf6 2. c4 g6 3. Nc3 Bg7 4. e4 O-O 5. h3 d6 6. Be3 c5 7. d5 e6 8. Nge2
exd5 9. cxd5 b5 10. f3 b4 11. Na4 Bd7 12. Nxc5 dxc5 13. Bxc5 Re8 14. Bxb4 Nxe4
0-1

[Event "Sparkassen-Open A"]
[Site "Heusenstamm, Martinsee"]
[Date "2019.11.22"]
[Round "2.71"]
[White "Huck, Robert"]
[Black "Gallasch, Robin"]
[Result "0-1"]
[WhiteElo "1832"]
[BlackElo "2072"]
[PlyCount "56"]
[EventDate "2019.??.??"]
[WhiteTeam "SC Königsspringer Alzenau"]
[BlackTeam "SG Porz"]

1. e4 c6 2. d4 d5 3. exd5 cxd5 4. Bd3 Nc6 5. c3 Qc7 6. h3 Nf6 7. Nf3 g6 8. O-O
Bf5 9. Re1 Bxd3 10. Qxd3 Bg7 11. Be3 O-O 12. Nbd2 Rab8 13. Ne5 Nd7 14. Nxd7
Qxd7 15. Bf4 Rbc8 16. Nf3 Qf5 17. Qd2 b5 18. Bh6 Rfe8 19. Bxg7 Kxg7 20. Ne5 b4
21. cxb4 f6 22. g4 Nxe5 23. dxe5 Qd7 24. exf6+ exf6 25. Rxe8 Rxe8 26. Rd1 h5
27. Qxd5 Re1+ 28. Kg2 Rxd1 0-1

[Event "Sparkassen-Open A"]
[Site "Heusenstamm, Martinsee"]
[Date "2019.11.22"]
[Round "2.72"]
[White "Eichner, Christian"]
[Black "Thomele, Michael"]
[Result "1/2-1/2"]
[WhiteElo "2061"]
[BlackElo "1832"]
[PlyCount "57"]
[EventDate "2019.??.??"]
[WhiteTeam "SV TuR Dresden"]
[BlackTeam "SC Obernau"]

1. e4 c5 2. Nf3 d6 3. Bb5+ Bd7 4. Bxd7+ Qxd7 5. O-O Nf6 6. Re1 Nc6 7. c3 e6 8.
d4 cxd4 9. cxd4 e5 10. Nc3 h6 11. Be3 Be7 12. Rc1 O-O 13. h3 Rfe8 14. dxe5 dxe5
15. Qa4 a6 16. Red1 Qe6 17. Nd5 Bd8 18. a3 Nd7 19. b4 b5 20. Qc2 Ne7 21. Nc7
Bxc7 22. Qxc7 Nf6 23. Qxe5 Qxe5 24. Nxe5 Nxe4 25. Rc7 Nf6 26. Rc5 Ne4 27. Rc7
Nf6 28. Rc5 Ne4 29. Rc7 1/2-1/2

[Event "Sparkassen-Open A"]
[Site "Heusenstamm, Martinsee"]
[Date "2019.11.22"]
[Round "2.73"]
[White "Richter, Gerald"]
[Black "Kemper, Yannick"]
[Result "1-0"]
[WhiteElo "2024"]
[BlackElo "1808"]
[PlyCount "45"]
[EventDate "2019.??.??"]
[WhiteTeam "Siegener SV"]
[BlackTeam "SK Ludwigshafen"]

1. d4 Nf6 2. c4 g6 3. Nc3 Bg7 4. e4 d6 5. Nf3 O-O 6. Be2 e5 7. O-O Nc6 8. d5
Ne7 9. b4 Nh5 10. Re1 Nf4 11. Bf1 h6 12. Bxf4 exf4 13. Rc1 a5 14. a3 axb4 15.
axb4 g5 16. c5 f5 17. e5 g4 18. exd6 cxd6 19. Nd4 dxc5 20. bxc5 Ra5 21. d6 Nc6
22. Ndb5 b6 23. Qd5+ 1-0

[Event "Sparkassen-Open A"]
[Site "Heusenstamm, Martinsee"]
[Date "2019.11.22"]
[Round "2.74"]
[White "Deutsch, Christoph"]
[Black "Björknes, Uwe"]
[Result "1/2-1/2"]
[WhiteElo "2014"]
[BlackElo "1825"]
[PlyCount "53"]
[EventDate "2019.??.??"]
[WhiteTeam "SK Gründau"]
[BlackTeam "SK Bad Homburg"]

1. e4 Nf6 2. e5 Ng8 3. d4 d6 4. Nf3 dxe5 5. dxe5 Qxd1+ 6. Kxd1 Bg4 7. Be2 e6 8.
Nd4 Bxe2+ 9. Kxe2 Nd7 10. f4 O-O-O 11. Be3 Ne7 12. c4 g5 13. g3 gxf4 14. gxf4
Rg8 15. Nd2 Bh6 16. Kf3 Ng6 17. b4 Nh4+ 18. Ke4 Rg4 19. Raf1 Rdg8 20. Rhg1 Ng2
21. h3 Rg3 22. Rf3 f5+ 23. exf6 Nxf6+ 24. Ke5 Nd7+ 25. Ke4 Nf6+ 26. Ke5 Nd7+
27. Ke4 1/2-1/2

[Event "Sparkassen-Open A"]
[Site "Heusenstamm, Martinsee"]
[Date "2019.11.22"]
[Round "2.75"]
[White "Körbel, Ekkehard"]
[Black "Faqiry, Ramat"]
[Result "1-0"]
[WhiteElo "1827"]
[BlackElo "1995"]
[PlyCount "127"]
[EventDate "2019.??.??"]
[WhiteTeam "SK Geisenheim"]
[BlackTeam "SK Bad Homburg"]

1. e4 c5 2. Nc3 g6 3. g3 d6 4. Bg2 Bg7 5. d3 h5 6. h4 Nf6 7. Nh3 Nc6 8. O-O Bg4
9. f3 Bd7 10. Be3 Qb6 11. Qd2 Nd4 12. Nd1 e5 13. Ng5 Be6 14. c3 Nc6 15. Nxe6
fxe6 16. Bh3 Ke7 17. b4 Nd8 18. bxc5 dxc5 19. Nb2 Qc7 20. a4 Nf7 21. Nc4 b6 22.
Qf2 Rad8 23. a5 Bh6 24. axb6 axb6 25. Ra6 Rb8 26. Bxc5+ Qxc5 27. Qxc5+ bxc5 28.
Rxe6+ Kf8 29. Rxf6 Kg7 30. Rc6 Rb3 31. Rxc5 Rxc3 32. Rc7 Kf6 33. Rb1 Be3+ 34.
Kf1 Bd4 35. Rc6+ Kg7 36. Ke2 Ra8 37. Rc7 Ra2+ 38. Ke1 Rh2 39. Bf1 Rhc2 40. Be2
Be3 41. Rxf7+ Kxf7 42. Nxe3 Ra2 43. Rd1 Rb3 44. Nc4 Ke6 45. Kf2 Rc3 46. Ke3 Ra4
47. Kd2 Rb3 48. Rc1 Ra2+ 49. Rc2 Ra1 50. Bd1 Rbb1 51. Ne3 Ra6 52. f4 Rb8 53.
f5+ gxf5 54. exf5+ Kf6 55. Bxh5 Rd8 56. Bf3 Ra3 57. Be4 Ra4 58. Nd5+ Kf7 59.
Rc7+ Kf8 60. Ke3 Rd4 61. g4 R4xd5 62. Bxd5 Rxd5 63. g5 Rd4 64. Rc4 1-0

[Event "Sparkassen-Open A"]
[Site "Heusenstamm, Martinsee"]
[Date "2019.11.22"]
[Round "2.76"]
[White "Werner, Dimo"]
[Black "Westendorp, Christian"]
[Result "1/2-1/2"]
[WhiteElo "1989"]
[BlackElo "1821"]
[PlyCount "41"]
[EventDate "2019.??.??"]
[WhiteTeam "TSV Schott Mainz"]
[BlackTeam "SK Holsterhausen"]

1. d4 Nf6 2. c4 g6 3. Nc3 Bg7 4. e4 d6 5. Be2 O-O 6. Be3 Na6 7. h3 c5 8. d5 e6
9. Nf3 Nc7 10. O-O exd5 11. exd5 Re8 12. Bd3 b5 13. Bg5 bxc4 14. Bxc4 h6 15.
Be3 Ne4 16. Rc1 Rb8 17. Nxe4 Rxe4 18. b3 Bb7 19. Qd3 Re8 20. Bd2 Bc8 21. Bc3
1/2-1/2

[Event "Sparkassen-Open A"]
[Site "Heusenstamm, Martinsee"]
[Date "2019.11.22"]
[Round "2.77"]
[White "Viol, Julius"]
[Black "Reinhard, Stefan"]
[Result "1-0"]
[WhiteElo "1782"]
[BlackElo "1986"]
[PlyCount "53"]
[EventDate "2019.??.??"]
[WhiteTeam "FC Bierstadt"]
[BlackTeam "SF Dettingen"]

1. d4 Nf6 2. c4 e6 3. Nc3 Bb4 4. Qc2 b6 5. Nf3 Bb7 6. a3 Be7 7. e4 d5 8. cxd5
exd5 9. e5 Ne4 10. Bd3 Nxc3 11. bxc3 g6 12. h4 Qd7 13. h5 Qg4 14. hxg6 Qxg2 15.
Rxh7 Rf8 16. gxf7+ Kd8 17. Ke2 Bc8 18. Bf5 Ba6+ 19. c4 Nc6 20. Be3 Bxc4+ 21.
Bd3 Bxd3+ 22. Qxd3 Qg4 23. Rg1 Qd7 24. Rg8 Qe6 25. Rg6 Qd7 26. Bh6 Qh3 27. Bxf8
1-0